000
00274nam a2200109Ia 4500
008
230907s9999||||xx |||||||||||||| ||und||
082
_a
16.297
_b
IND
245
0
_a
Index Islamicus 2016 :
260
_a
BRILL,
_b
Boston :; Netherlands :
_c
2017
300
_a
1451 p.
942
_c
BK
999
_c
599191
_d
599191